000
00191 a2200097 4500
001
2402
100
_a
Macmillan, N
245
_a
Great Aircraft
260
_a
_b
G Bell
_c
090
_c
1745
_d
1745
942
_a
NUST-CAE
_c
M
_c
8280
999
_c
237475
_d
237475